000 00672 a2200205 4500
001 134320
020 _a85-02-02682-8
040 _cLeonardo Da Vinci
041 _aPortuguês
082 _a372.23 L967v
_bL967v
100 _aLUCCI, Elian Alabi
245 _aViver e aprender
_bhistória e geografia
250 _av.2
260 _bSaraiva
_c1998
_aSão Paulo
300 _a94
362 _a19980000
500 _aCocoleti (Ilustração)
_aLivro do Professor
697 _aEstudos Sociais
_aHistória
_aGeografia
_aFamília
_aComunidade
_aMeio Ambiente
_aEscola
_aBairro
_aMunicípio
_aZona Urbana
_aZona Rural
_aPaisagem
_aTrabalho
_aEnsino fundamental 1. Ciclo
942 _cBK
999 _c134320
_d134320